| 000 | 00860nam a2200241 i 4500 | ||
|---|---|---|---|
| 001 | 173911 | ||
| 003 | ES-MaACL | ||
| 005 | 20230906215405.0 | ||
| 008 | 100128s1984 sp a |||| |dspa d | ||
| 080 | _a7 Durán Esteva, Pep (064.3) | ||
| 100 | 1 |
_aDuran, Pep. _9142055 |
|
| 245 | 1 | 0 |
_aVestuaris de 1984 _b: Museu Tèxtil i d'Indumentaria, maig-juny 84 / _cPep Duran Esteva. |
| 260 |
_aBarcelona : _bCaixa, Obra Social, _c[1984] |
||
| 300 |
_a[20] p. : _bil. col. y n. ; _c20 x 20 cm. |
||
| 546 | _aTextos en catalán, español e inglés. | ||
| 600 | 1 | 4 |
_aDuran, Pep- _vExposiciones. _9142056 |
| 650 | 4 |
_aTraje- _vExposiciones. _9164750 |
|
| 655 | 7 |
_2tgfbne _9193628 _aCatálogos de exposiciones |
|
| 710 | 2 |
_aMuseu Tèxtil i d'Indumentària de Barcelona. _9142061 |
|
| 852 |
_aES-MaACL _j2279-F-1 |
||
| 942 | _2udc | ||
| 999 |
_c173911 _d173911 |
||